| 000 | 01010nam a2200349 a 4500 | ||
|---|---|---|---|
| 003 | AR-BaBNM | ||
| 005 | 20251128205641.0 | ||
| 008 | 082120s2002 ||||||||||||||000 | spa|| | ||
| 020 | _a84-7100-673-1 | ||
| 040 | _cAR-BaBNM | ||
| 100 | 1 | _aDjaït, Hichem | |
| 245 | 0 | 0 | _aLa personalidad y el devenir araboislámicos |
| 260 |
_aMadrid _bMapfre _c1996 |
||
| 300 | _a332 p. | ||
| 490 | 0 |
_aEl Magreb _vv. 15 |
|
| 500 | _aContiene una transcripción y pronunciación de las palabras árabes p. 325 | ||
| 504 | _aBibliografía para consultar p. 315-319 | ||
| 650 | 4 | _aMUSULMANES | |
| 650 | 4 | _aHISTORIA POLITICA | |
| 650 | 4 | _aISLAM | |
| 650 | 4 | _aHISTORIA DE LAS RELIGIONES | |
| 650 | 4 | _aHISTORIA ECONOMICA | |
| 650 | 4 | _aHISTORIA MILITAR | |
| 650 | 4 | _aHISTORIA SOCIAL | |
| 650 | 4 | _aHISTORIA DE LAS COSTUMBRES | |
| 650 | 4 | _aNACIONALISMO | |
| 651 | 4 | _aAfrica | |
| 700 | 1 |
_aBurgoa Abarca, José _etraductor |
|
| 800 | 1 |
_aGallego, José Andrés _ecoordinador |
|
| 942 | _cBK | ||
| 998 | _cMariana | ||
| 999 |
_c12239 _d12239 |
||